| 000 | 00426nam a22001457a 4500 | ||
|---|---|---|---|
| 020 | _a9788131732533 | ||
| 040 | _cNUST | ||
| 082 | _a621 BOL | ||
| 100 | _aBolton, W. | ||
| 245 | _aMechatronics: A Multidisciplinary Approach, | ||
| 250 | _a4th Edition | ||
| 260 |
_aIndia: _bPearson Education, _c2013. |
||
| 650 |
_aMechatronics. Electronic Control Systems in Mechanical and Electrical Engineering _991902 |
||
| 942 |
_2ddc _cBK |
||
| 999 |
_c590008 _d590008 |
||